LEADER 00982nam a22002771i 4500 001 991001827049707536 005 20031222152125.0 008 040407s1982 it |||||||||||||||||ita 035 $ab12829328-39ule_inst 035 $aARCHE-080894$9ExL 040 $aDip.to Scienze Storiche$bita$cA.t.i. Arché s.c.r.l. Pandora Sicilia s.r.l. 082 04$a728.3 100 1 $aLamure, Claude$032643 245 10$aAbitare & abitazione /$cClaude Lamure ; edizione italiana a cura di Enzo Legnante 250 $a2. ed. 260 $aMilano :$bF. Angeli,$c1982 300 $a1 v. ;$c22 cm 440 0$aSerie di architettura 650 4$aAbitazioni 700 1 $aLegnante, Enzo 907 $a.b12829328$b02-04-14$c16-04-04 912 $a991001827049707536 945 $aLE009 GEOG.13-151$g1$i2009000395060$lle009$o-$pE0.00$q-$rl$s- $t0$u1$v1$w1$x0$y.i13381143$z16-04-04 996 $aAbitare & abitazione$9296324 997 $aUNISALENTO 998 $ale009$b16-04-04$cm$da $e-$fita$git $h0$i1 LEADER 03063nam 2200565Ia 450 001 9910781949903321 005 20211007000149.0 010 $a1-61668-870-X 035 $a(CKB)2550000000059454 035 $a(EBL)3018124 035 $a(SSID)ssj0000569765 035 $a(PQKBManifestationID)11383173 035 $a(PQKBTitleCode)TC0000569765 035 $a(PQKBWorkID)10547855 035 $a(PQKB)10471054 035 $a(MiAaPQ)EBC3018124 035 $a(Au-PeEL)EBL3018124 035 $a(CaPaEBR)ebr10659046 035 $a(OCoLC)923657743 035 $a(EXLCZ)992550000000059454 100 $a20100312d2010 uy 0 101 0 $aeng 135 $aur|n|---||||| 181 $ctxt 182 $cc 183 $acr 200 00$aPerovskites$b[electronic resource] $estructure, properties, and uses /$fMaxim Borowski, editor 210 $aNew York $cNova Science Publishers$dc2010 215 $a1 online resource (587 p.) 225 0 $aChemical engineering methods and technology 300 $aDescription based upon print version of record. 311 $a1-61668-525-5 320 $aIncludes bibliographical references and index. 327 $a""CONTENTS""; ""PREFACE""; ""CONTROLLED FABRICATION AND CATALYTIC APPLICATIONS OF SPECIFICALLY MORPHOLOGICAL AND POROUS PEROVSKITE-TYPE OXIDES""; ""PEROVSKITES AND THEIR NANOCOMPOSITES WITH FLUORITE-LIKE OXIDES AS MATERIALS FOR SOLID OXIDE FUEL CELLS CATHODES AND OXYGEN-CONDUCTING MEMBRANES: MOBILITY AND REACTIVITY OF THE SURFACE/BULK OXYGEN AS A KEY FACTOR OF THEIR PERFORMANCE""; ""ON THE NATURE OF LOW-TEMPERATURE RESISTIVE PEAK IN COLOSSAL MAGNETORESISTANT MATERIALS""; ""STRUCTURAL, MAGNETIC AND ELECTRON TRANSPORT PROPERTIES OF ORDERED-DISORDERED PEROVSKITE COBALTITES"" 327 $a""ELECTRICALLY TUNABLE DIELECTRIC AND CONDUCTION PROPERTIES IN PEROVSKITE THIN FILMS""""PEROVSKITE-TYPE OXIDES: SYNTHESIS AND APPLICATION IN CATALYSIS""; ""MECHANISM OF FORMATION OF PEROVSKITE-TYPE LAYERED OXIDES""; ""SOME THEORETICAL ASPECTS OF MAGNETIC STRUCTURE, SPIN EXCITATIONS AND MAGNETIZATION OF MANGANITES""; ""CORRELATIONS BETWEEN THE STRUCTURE OF ORDERED SOLID SOLUTIONS AND PARAMETERS OF PAIR INTERACTIONS IN PEROVSKITES""; ""ABX3-TYPE OXIDES AND HALIDES: THEIR STRUCTURE AND PHYSICAL PROPERTIES""; ""FERROELECTRIC PBTIO3: FROM A SINGLE-DOMAIN STATE TO COMPOSITE COMPONENTS"" 327 $a""DOUBLE PEROVSKITES WITH STRUCTURE-DISORDERED OXYGEN SUBLATTICE AS HIGH-TEMPERATURE PROTON CONDUCTORS""""SHORT- AND LONG-RANGE FERROMAGNETIC ORDERS IN LA1-""; ""CRITICAL BEHAVIOR STUDY""; ""REDDISH CERAMIC PIGMENTS WITH PEROVSKITE STRUCTURE""; ""INDEX"" 410 0$aChemical Engineering Methods and Technology 606 $aPerovskite materials 606 $aOxide minerals 615 0$aPerovskite materials 615 0$aOxide minerals. 676 $a549/.528 701 $aBorowski$b Maxim$01471698 801 0$bMiAaPQ 801 1$bMiAaPQ 801 2$bMiAaPQ 906 $aBOOK 912 $a9910781949903321 996 $aPerovskites$93684111 997 $aUNINA